UDARA / (Record no. 173202)

MARC details
000 -LEADER
fixed length control field 01297aam a2200385 ia4500
001 - CONTROL NUMBER
control field vtls000773071
003 - CONTROL NUMBER IDENTIFIER
control field PNM
005 - DATE AND TIME OF LATEST TRANSACTION
control field 20200720095232.0
008 - FIXED-LENGTH DATA ELEMENTS--GENERAL INFORMATION
fixed length control field 150603t20162011my ao j 000 0 may
015 ## - NATIONAL BIBLIOGRAPHY NUMBER
National bibliography number M16-10046
020 ## - INTERNATIONAL STANDARD BOOK NUMBER
International Standard Book Number 9789670798158
Qualifying information set
International Standard Book Number 9789670892566
Qualifying information paperback
Terms of availability RM20.00
039 #9 - LEVEL OF BIBLIOGRAPHIC CONTROL AND CODING DETAIL [OBSOLETE]
Level of rules in bibliographic description 201705190747
Level of effort used to assign nonsubject heading access points dayang
Level of effort used to assign subject headings 201608230958
Level of effort used to assign classification n_shuhada
Level of effort used to assign subject headings 201608081101
Level of effort used to assign classification ety
Level of effort used to assign subject headings 201508181205
Level of effort used to assign classification azma
040 ## - CATALOGING SOURCE
Original cataloging agency BNM
Language of cataloging eng
Transcribing agency BNM
Description conventions rda
Modifying agency PPAK
041 1# - LANGUAGE CODE
Language code of text/sound track or separate title may
Language code of original eng
049 ## - LOCAL HOLDINGS (OCLC)
Holding library mal
082 04 - DEWEY DECIMAL CLASSIFICATION NUMBER
Classification number 551.51
Edition number 23
090 00 - LOCALLY ASSIGNED LC-TYPE CALL NUMBER (OCLC); LOCAL CALL NUMBER (RLIN)
Classification number (OCLC) (R) ; Classification number, CALL (RLIN) (NR) 551.51
Feature heading UDA
Feature heading K
245 00 - TITLE STATEMENT
Title UDARA /
Statement of responsibility, etc. Penterjemah : Ani Izzuani Mohd Kassim
246 33 - VARYING FORM OF TITLE
Display text Translation of :
Title proper/short title I wanna know about Science :
Remainder of title air
264 #1 - PRODUCTION, PUBLICATION, DISTRIBUTION, MANUFACTURE, AND COPYRIGHT NOTICE
Place of production, publication, distribution, manufacture Wangsa Maju, Kuala Lumpur :
Name of producer, publisher, distributor, manufacturer INSTITUT TERJEMAHAN & BUKU MALAYSIA,
Date of production, publication, distribution, manufacture, or copyright notice 2016
Date of production, publication, distribution, manufacture, or copyright notice ©2011
300 ## - PHYSICAL DESCRIPTION
Extent 32 pages :
Other physical details colour photographs, colour illustrations ;
Dimensions 25 cm
336 ## - CONTENT TYPE
Content type term text
Source rdacontent
337 ## - MEDIA TYPE
Media type term unmediated
Source rdamedia
338 ## - CARRIER TYPE
Carrier type term volume
Source rdacarrier
490 1# - SERIES STATEMENT
Series statement Saya Ingin Tahu tentang Sains
650 10 - SUBJECT ADDED ENTRY--TOPICAL TERM
Topical term or geographic name entry element Air
Form subdivision Juvenile literature
Topical term or geographic name entry element Science
Form subdivision Juvenile literature
700 0# - ADDED ENTRY--PERSONAL NAME
Personal name Ani Izzuani Mohd Kassim,
Relator term translator.
830 #0 - SERIES ADDED ENTRY--UNIFORM TITLE
Uniform title Saya Ingin Tahu tentang Sains
942 ## - ADDED ENTRY ELEMENTS (KOHA)
Source of classification or shelving scheme Dewey Decimal Classification
Koha item type Book
949 ## - LOCAL PROCESSING INFORMATION (OCLC)
6 2000090423
e 002369291
6 2000090422
e 002369292
Holdings
Withdrawn Not for loan Current library Shelving location Date acquired Full call number Barcode Date last seen Koha item type Total Checkouts Date last checked out
    Perpustakaan Alor Setar Pinjaman Kanak-kanak 04/08/2019 K 551.51 UDA A01611125 26/12/2019 Book 2 03/12/2019
    Perpustakaan Langkawi Pinjaman Kanak-kanak 29/07/2020 K 551.51 UDA A00739294 29/07/2020 Book    
    Bergerak 5, Kulim Pinjaman Kanak-kanak 24/11/2016 K 500 UDA A01500697 09/05/2018 Book